The Clash: Albums by Cover - Statistics

General Stats
  • This quiz has been taken 24 times
  • The average score is 4 of 6
Answer Stats
Picture Hint Answer % Correct
1979 London Calling
100%
1977 The Clash
96%
1980 Sandinista!
74%
1978 Give 'Em Enough Rope
70%
1982 Combat Rock
65%
1985 Cut the Crap
39%
No matching quizzes found
Score Distribution
Percent of People with Each Score
Percentile by Number Answered
Your Score History
You have not taken this quiz